LEADER 01249cam a2200289 a 4500 001 000000124876 003 CaOOAMICUS 005 20110331110737.0 008 110331s2010 it 0000u ita r 020 $a978-88-348-1258-7 040 $aPUL$bita 082 04$a342.06 100 1 $aFiordalisi, Domenico.$0(OLS)http://pul/name/69496 245 10$aEfficacia giuridica e falso :$bper una "concezione normativa" della fede pubblica /$cDomenico Fiordalisi. 260 $aTorino :$bG. Giappichelli,$cİ2010. 300 $aXI, 227 p. ;$c24 cm. 504 $aBibliografia in nota. 650 4$aProva (diritto).$0(OLS)http://pul/subject/18725 650 4$aFalso (Diritto).$0(OLS)http://pul/subject/37469 850 $aPUL 852 $aPUL$W1$xSL Diritto e Scienze Sociali 3$y79$m342. 06 FIODO 1$j143796$qDDC 21$B142809$CPULBib$Z2$F142809 $H116359 $82 941 1 $a9 996 $6020$a978-88-348-1258-7$9(OLS)http://pul/number/146823 996 $6082$a342.06$9(OLS)http://pul/classification/1891 996 $6245$aEfficacia giuridica e falso :$bper una "concezione normativa" della fede pubblica$9(OLS)http://pul/title/157441 996 $6260$aTorino :$bG. Giappichelli$9(OLS)http://pul/publisher/49130 LEADER 01122nam a2200265 u 4500 001 000000047676 003 CaOOAMICUS 005 20070226114918.0 008 991222s1969 it u000 u ita u 035 $a10838354 040 $aMSA$bita 245 13$aLa Chiesa nella situazione d'oggi /$cKarl Rahner ... [et al.]. 260 $aRoma :$bHerder ;$aBrescia :$bMorcelliana,$cc1969. 300 $a279 p. ;$c22 cm 490 1 $aStudi di teologia pastorale ;$v2 504 $aBibliografia: p. 259-269. 650 4$aChiesa cattolica$ySec. XX.$0(OLS)http://pul/subject/20103 700 1 $aRahner, Karl,$cS.I.,$d1904-1984.$0(OLS)http://pul/name/3587 830 0$aStudi di teologia pastorale ;$v2.$0(OLS)http://pul/title/18983 850 $aPUL 852 $aPUL$W1$xDP1 Fondo Pastorale$y55$mP8 F 2$j63668$nBK-PRI$b $qFondi$B63668$CPULBib$Z2$F63668 $HPUL2392 $81 941 1 $a1 996 $6245$aLa Chiesa nella situazione d'oggi$9(OLS)http://pul/title/64195 996 $6260$aRoma :$bHerder$9(OLS)http://pul/publisher/47913 996 $6260$aBrescia :$bMorcelliana$9(OLS)http://pul/publisher/47854